000 00940nam a22002891a 4500
001 36228
003 BD-RjUL
005 20211209052444.0
008 140618s1965 nyu b 001 0 eng d
035 _a(BD-RjUL)36325
035 _a(OCoLC)5767503
040 _aDLC
_cOCl
_dOCoLC
_dMoSU-L
_dDLC
_beng
041 _aeng
082 _a320.947
_bSCR 1965
100 1 _aScott, Derek J. R.
_9110248
245 1 0 _aRussian political institutions /
_cby Derek J.R. Scott.
250 _a3rd ed.
260 _aNew York :
_bF.A. Praeger,
_cc1965.
300 _a276 p. ;
_c20 cm.
504 _aIncludes bibliographical references (p. 257-260) and index.
651 0 _aSoviet Union
_xPolitics and government.
_9110264
942 _2ddc
_cBK
999 _c36228
_d36228